Tercer abecedario espiritual / (Record no. 171415)

MARC details
000 -LEADER
campo de control de longitud fija 00835nam a2200229 i 4500
001 - NÚMERO DE CONTROL
campo de control 171415
003 - IDENTIFICADOR DE NÚMERO DE CONTROL
campo de control ES-MaACL
005 - FECHA Y HORA DE LA ÚLTIMA TRANSACCIÓN
campo de control 20251011063154.0
008 - DATOS DE LONGITUD FIJA--INFORMACIÓN GENERAL
campo de control de longitud fija 090514s1972 sp |||| | spa d
100 1# - ENTRADA PRINCIPAL--NOMBRE DE PERSONA
Nombre de persona Francisco de Osuna,
Fechas asociadas al nombre ca.1492-ca.1540
9 (RLIN) 139695
245 10 - MENCIÓN DEL TÍTULO
Título Tercer abecedario espiritual /
Mención de responsabilidad, etc. Francisco de Osuna ; estudio histórico y edición crítica por Melquíades Andrés.
260 ## - PUBLICACIÓN, DISTRIBUCIÓN, ETC.
Lugar de publicación, distribución, etc. Madrid :
Nombre del editor, distribuidor, etc. [La Editorial Católica],
Fecha de publicación, distribución, etc. 1972.
300 ## - DESCRIPCIÓN FÍSICA
Extensión XV, 644 p. ;
Dimensiones 20 cm.
490 1# - MENCIÓN DE SERIE
Mención de serie Biblioteca de autores cristianos ;
Designación de volumen o secuencia 333
650 #4 - PUNTO DE ACCESO ADICIONAL DE MATERIA--TÉRMINO DE MATERIA
Término de materia o nombre geográfico como elemento de entrada Meditación-
Subdivisión general Cristianismo.
9 (RLIN) 147055
650 #4 - PUNTO DE ACCESO ADICIONAL DE MATERIA--TÉRMINO DE MATERIA
Término de materia o nombre geográfico como elemento de entrada Contemplación.
9 (RLIN) 156806
650 #4 - PUNTO DE ACCESO ADICIONAL DE MATERIA--TÉRMINO DE MATERIA
Término de materia o nombre geográfico como elemento de entrada Misticismo.
9 (RLIN) 15086
700 1# - ENTRADA AGREGADA--NOMBRE PERSONAL
Nombre de persona Andrés, Melquiades.
9 (RLIN) 21581
830 10 - PUNTO DE ACCESO ADICIONAL DE SERIE-TÍTULO UNIFORME
Título uniforme Biblioteca de autores cristianos
Designación de volumen o secuencia 333
9 (RLIN) 178679
852 ## - LOCALIZACIÓN
Ubicación ES-MaACL
Número de control de estantería J-326
Holdings
Estatus retirado Estado de pérdida Estado de daño No para préstamo Biblioteca de origen Biblioteca actual Ubicación en estantería Fecha de adquisición Fuente de adquisición Total de préstamos Signatura topográfica completa Código de barras Visto por última vez Precio de reemplazo Tipo de ítem Koha
        Biblioteca del Ateneo de Madrid Biblioteca del Ateneo de Madrid Depósito 2 14/05/2009     J-326 1179892 23/02/2023 23/02/2023 Libro impreso